Đố tục, đố thanh, giai thoại câu đối

সংরক্ষণ করুন:
গ্রন্থ-পঞ্জীর বিবরন
প্রধান লেখক: Phan Huy Đông
বিন্যাস: গ্রন্থ
ভাষা:Undetermined
প্রকাশিত: H. VHDT 2002
বিষয়গুলি:
ট্যাগগুলো: ট্যাগ যুক্ত করুন
কোনো ট্যাগ নেই, প্রথমজন হিসাবে ট্যাগ করুন!
Thư viện lưu trữ: Trung tâm Học liệu Trường Đại học Cần Thơ
LEADER 00483nam a2200181Ia 4500
001 CTU_54946
008 210402s9999 xx 000 0 und d
020 |b 21000 
082 |a 398.2 
082 |b Đ455 
100 |a Phan Huy Đông 
245 0 |a Đố tục, đố thanh, giai thoại câu đối 
245 0 |c Phan Huy Đông 
260 |a H. 
260 |b VHDT 
260 |c 2002 
650 |a folk literature 
980 |a Trung tâm Học liệu Trường Đại học Cần Thơ